Geometry Dash Demonlist (3/10/26) - Statistics

General Stats
  • This quiz has been taken 73 times
  • The average score is 29 of 150
Answer Stats
Answer % Correct
Tidal Wave
96%
Amethyst
94%
Thinking Space II
92%
Flamewall
86%
ORBIT
82%
Nullscapes
78%
Every End
71%
Slaughterhouse
71%
Acheron
69%
BOOBAWAMBA
69%
Silent clubstep
69%
Avernus
67%
andromeda
59%
LIMBO
57%
Quanteuse processing
55%
Subsuming Vortex
55%
Thinking Space
53%
Anathema
51%
Tartarus
51%
Sakupen Circles
49%
Abyss of Darkness
47%
Ashley Wave Trials
47%
Zodiac
43%
Firework
41%
Sonic Wave Infinity
37%
The Golden
37%
KOCMOC
35%
Kyouki
35%
Tunnel of Despair
35%
Menace
31%
CHIL
29%
Kenos
29%
Defeated Circles
27%
poocubed
27%
Solar Flare
27%
Subterminal Point
27%
The Lightning Rod
27%
Codependence
24%
Deimos
24%
Edge of Destiny
24%
limbo but uwu ig idk
24%
Spectre
24%
arcturus
22%
Cold Sweat
22%
Eyes in the Water
22%
Apocalyptic Trilogy
20%
Voltage
20%
Based After Based
18%
Verdant Landscape
18%
Hard Machine
16%
Saul Goodman
16%
walter white
16%
Deadlier Clubstep
14%
Gaggatrondra
14%
MINUSdry
14%
ORDINARY
14%
Sevvend Clubstep
14%
Silentlocked
14%
The Hallucination
14%
Trueffet
14%
BEELINE
12%
Calculator Core
12%
CONVULSION
12%
Damascus
12%
Keres
12%
KOSETSU
12%
Natural Disaster
12%
Promethean
12%
The Salt Factory
12%
The Yangire
12%
Through The Gates
12%
UNKNOWN
12%
Viprin UFO
12%
Waterfall
12%
ATOMIC CANNON MK III
10%
Mayhem
10%
Renevant
10%
SARYYX NEVER CLEAR
10%
Sinister SIlence
10%
Belladonna
8%
BPATA MPAKA
8%
Cimmerian Shade
8%
Coalescence
8%
Collapse
8%
COMBUSTION
8%
Frost Spirit
8%
Oblivion
8%
shimmer
8%
Shukketsu
8%
THE JET ENGINE
8%
The Plunge
8%
Checked Steam
6%
Climax
6%
Dry Out Copyable 2
6%
Fragile
6%
Jigsaw
6%
Loops of Fury
6%
Lotus Flower
6%
Midnight
6%
Snowbound
6%
Swing Swing
6%
Terminal Rampancy
6%
Wavterminal
6%
We Are Not The Same
6%
WOBBLING MACHINE
6%
Aerial Gleam
4%
Crystal Crusher
4%
Dark Dimension
4%
Decks Dark
4%
Delta
4%
DISCONNECT
4%
Goober Rage Stage
4%
Infinite Chaos
4%
NETWORK
4%
Operation Evolution
4%
PSYCHOPATH
4%
Sky Shredder
4%
Starlit Stroll
4%
The Catacombs
4%
Widestep
4%
Ascent
2%
Axinie
2%
chrome hearts
2%
ConClusion
2%
Critical Heat
2%
Destruction 19
2%
Esfera
2%
Galeforce
2%
Guideless Goobering
2%
Henken
2%
Instinct
2%
in this
2%
IRIS
2%
Lithium
2%
paranoia
2%
Scream Machine
2%
Starlight Summit
2%
The Paroxysm of Rage
2%
The Wonder of You
2%
Time Lapse
2%
Trotil
2%
azure blast
0%
Blood Echo
0%
Crackhead Circles
0%
DISSONANCE
0%
Graceful
0%
Judgement Knights
0%
Levigo
0%
NEUTRA
0%
VOID
0%
No matching quizzes found
Score Distribution
Percent of People with Each Score
Percentile by Number Answered
Your Score History
You have not taken this quiz